000 00624nam a22001817a 4500
003 UA-OsUOA
001 18472
007 ta
008 20040518b un ||||| |||| 00| 0 ukr d
100 _aРозенко М.
942 _cSA
040 _aUA-OsUOA
_cUA-OsUOA
_dUA-OsUOA
245 _aНевтомний Марущак
_b[Засл. ансамблю танцю України "Полісянка"- 45 , а керує цим колективом 25 р. В.С.Марущак]
300 _aС.15
955 _a0
773 0 _w0
_tПанорама
_dРівне
_d2004
_g№19/14 трав./
650 7 _aАнсамблі
_2UDC
999 _c304643
_d304643